[Event "IX Open Primavera"]
[Site "Como ITA"]
[Date "2014.03.13"]
[Round "2"]
[White "Rossi, Silio"]
[Black "Zerboni, Giuseppe"]
[WhiteElo "1505"]
[BlackElo "1596"]
[Result "0-1"]
[PlyCount "112"]
[EventDate "2014.03.06"]

1. b4 e5 2. Bb2 d6 3. e3 Nf6 4. Nc3 Be7 5. b5 b6 6. Nf3 Bb7 7. d3 Nbd7 8. e4
O-O 9. Be2 c5 10. bxc6 Bxc6 11. O-O Nc5 12. Qc1 Rc8 13. a4 Ne6 14. Bd1 Qd7 15.
a5 b5 16. Ne2 a6 17. Ng3 Nf4 18. Qb1 Rc7 19. Nf5 N6h5 20. Nxe7+ Qxe7 21. Ba3
Bd7 22. Qb4 Rc6 23. d4 Rc4 24. Qxd6 Qxd6 25. Bxd6 Rfc8 26. Nxe5 Rxd4 27. Nxd7
Rxd6 28. Ne5 Re8 29. Nd3 Rxe4 30. Bf3 Re7 31. Rfe1 Rxe1+ 32. Rxe1 Kf8 33. Re5
Nxd3 34. cxd3 Nf4 35. Re1 Rxd3 36. Bc6 Ne6 37. Be4 Ra3 38. Bxh7 Rxa5 39. Bf5 b4
40. g3 Rxf5 41. Ra1 a5 42. f4 b3 43. Rb1 a4 44. h4 Rb5 45. Kf2 b2 46. Ke2 a3
47. Kd2 a2 48. Kc2 axb1=Q+ 49. Kxb1 Nd4 50. g4 Ne2 51. f5 Nc3+ 52. Kc2 b1=Q+
53. Kxc3 Qd1 54. h5 Rc5+ 55. Kb4 Rc8 56. Kb5 Qb1+ 0-1

[Event "IX Open Primavera"]
[Site "Como ITA"]
[Date "2014.03.20"]
[Round "3"]
[White "Bassoli, Andrea D."]
[Black "Gonella, Graziano"]
[WhiteElo "1590"]
[BlackElo "1163"]
[Result "1/2-1/2"]
[PlyCount "116"]
[EventDate "2014.03.06"]

1. d4 Nf6 2. c4 d5 3. Nc3 g6 4. Nf3 Bg7 5. Bd2 O-O 6. e3 Nbd7 7. Bd3 e6 8. Qc2
c6 9. O-O-O Nb6 10. c5 Nc4 11. Ne2 Bd7 12. Bc3 a5 13. Ne5 Nxe5 14. dxe5 Ng4 15.
Nd4 Nxf2 16. Qxf2 Bxe5 17. Bd2 Qe7 18. b4 axb4 19. Bxb4 Ra4 20. a3 Rfa8 21.
Rhf1 Rxa3 22. Bxa3 Rxa3 23. Kb2 Qxc5 24. Qxf7+ Kh8 25. Qf8+ Qxf8 26. Rxf8+ Kg7
27. Kxa3 Kxf8 28. Nb3 b6 29. e4 Bxh2 30. Rf1+ Ke7 31. exd5 exd5 32. Nd4 Bd6+
33. Kb3 c5 34. Re1+ Kd8 35. Nb5 c4+ 36. Bxc4 dxc4+ 37. Kxc4 Be7 38. Nc3 Bh4 39.
Rd1 Ke7 40. Nd5+ Ke8 41. Nxb6 Be6+ 42. Kb5 Kf7 43. Rh1 g5 44. g3 Bxg3 45. Rxh7+
Kg6 46. Rh8 Bf4 47. Kc6 g4 48. Nd5 Bg5 49. Kd6 Bxd5 50. Kxd5 Kf5 51. Rh1 g3 52.
Rg1 Kg4 53. Ke4 Kh3 54. Kf3 Kh2 55. Rxg3 Bh4 56. Rg2+ Kh1 57. Re2 Kg1 58. Re4
Bf2 1/2-1/2

[Event "IX Open Primavera"]
[Site "Como ITA"]
[Date "2014.03.20"]
[Round "3"]
[White "Frignani, Alessandro"]
[Black "Lipari, Alberto"]
[WhiteElo "1410"]
[BlackElo "1525"]
[Result "0-1"]
[PlyCount "64"]
[EventDate "2014.03.06"]

1. e4 g6 2. Bc4 Bg7 3. Qf3 e6 4. c3 Ne7 5. d4 O-O 6. h4 d5 7. Bd3 dxe4 8. Bxe4
Nf5 9. Bxb7 Bxb7 10. Qxb7 Nd7 11. g3 Nd6 12. Qa6 Nb6 13. Be3 Nbc4 14. b3 Nxe3
15. fxe3 Ne4 16. Rh3 e5 17. Qc6 f5 18. Nd2 Rf6 19. Qc4+ Rf7 20. Nxe4 fxe4 21.
Rh2 exd4 22. cxd4 Bh6 23. Kd2 Qf6 24. Re1 a5 25. Qd5 Rd8 26. Qxe4 Rxd4+ 27.
Qxd4 Qxd4+ 28. Kc2 Bxe3 29. Nf3 Qe4+ 30. Kb2 Bd4+ 31. Ka3 Qxe1 32. Ng5 Qb4# 0-1

[Event "IX Open Primavera"]
[Site "Como ITA"]
[Date "2014.03.20"]
[Round "3"]
[White "Giaracuni, Claudio"]
[Black "Nastasi, Ivano"]
[WhiteElo "1778"]
[BlackElo "1725"]
[Result "0-1"]
[PlyCount "45"]
[EventDate "2014.03.06"]

1. d4 Nf6 2. Nf3 d5 3. Bf4 c6 4. e3 Qb6 5. b3 e6 6. Bd3 c5 7. O-O cxd4 8. exd4
Nc6 9. c4 Nxd4 10. cxd5 Nxf3+ 11. gxf3 Nxd5 12. Be5 Bd6 13. Bb5+ Bd7 14. Bxd7+
Kxd7 15. Bg3 h5 16. a4 Rh6 17. Na3 Bxa3 18. Rxa3 Qb4 19. Ra2 Rg6 20. h4 Qxh4
21. Qd3 Qb4 22. Kh2 h4 23. Bf4 0-1

[Event "IX Open Primavera"]
[Site "Como ITA"]
[Date "2014.03.20"]
[Round "3"]
[White "Gonella, Daniele"]
[Black "Rossini, Fulvio"]
[WhiteElo "2143"]
[BlackElo "1827"]
[Result "1-0"]
[PlyCount "49"]
[EventDate "2014.03.06"]

1. e4 e6 2. d4 d5 3. Nc3 dxe4 4. Nxe4 Nd7 5. Nf3 Ngf6 6. Bd3 Nxe4 7. Bxe4 Nf6
8. Bd3 Be7 9. O-O O-O 10. Ne5 c5 11. dxc5 Qc7 12. Re1 Qxc5 13. Bg5 h6 14. Bd2
Nd7 15. Bc3 Bd6 16. Nxd7 Bxd7 17. Qg4 Qg5 18. Qxg5 hxg5 19. Be4 Bc8 20. Rad1
Bc7 21. Bf3 Re8 22. Be5 Bxe5 23. Rxe5 f6 24. Rc5 Re7 25. Rd8+ 1-0

[Event "IX Open Primavera"]
[Site "Como ITA"]
[Date "2014.03.20"]
[Round "3"]
[White "Manino, Edoardo"]
[Black "Bellotto, Stefano"]
[WhiteElo "1926"]
[BlackElo "1989"]
[Result "1/2-1/2"]
[PlyCount "20"]
[EventDate "2014.03.06"]

1. d4 d6 2. c4 g6 3. e4 Bg7 4. Nc3 e5 5. Be3 Nc6 6. Nge2 a6 7. Qd2 Nf6 8. f3
O-O 9. O-O-O b5 10. c5 dxc5 1/2-1/2

[Event "IX Open Primavera"]
[Site "Como ITA"]
[Date "2014.03.20"]
[Round "3"]
[White "Moioli, Ferruccio"]
[Black "Ciancio, Mario"]
[WhiteElo "1677"]
[BlackElo "1563"]
[Result "1-0"]
[PlyCount "129"]
[EventDate "2014.03.06"]

1. d4 d5 2. Nf3 Nf6 3. Bg5 Bg4 4. e3 e6 5. Nbd2 c5 6. dxc5 Bxc5 7. Be2 h6 8.
Bh4 Nbd7 9. c3 a6 10. a4 Qc7 11. Rc1 Rc8 12. O-O O-O 13. b4 Bd6 14. Qb3 Bxf3
15. Nxf3 Ne4 16. c4 dxc4 17. Rxc4 Nec5 18. bxc5 Nxc5 19. Qc2 Qd7 20. Qa2 b6 21.
Rd4 Qc7 22. Rfd1 Be7 23. Bg3 Qb7 24. Rb1 Bf6 25. Be5 Bxe5 26. Nxe5 Rc7 27. Bf3
Qb8 28. Rdb4 Rfc8 29. g3 Nxa4 30. Nd7 Rxd7 31. Qxa4 Rdc7 32. Kg2 a5 33. Rxb6
Qa7 34. Rb7 Qc5 35. R7b5 Qc3 36. Qxa5 Qxa5 37. Rxa5 g6 38. Ra8 Rxa8 39. Bxa8
Kg7 40. Rb7 Rc8 41. Ra7 h5 42. h4 Kf6 43. Bf3 Kg7 44. g4 hxg4 45. Bxg4 Rc6 46.
Kg3 Kg8 47. f3 Rc5 48. Ra6 Re5 49. e4 f5 50. Kf4 Rc5 51. Bh3 Kf7 52. e5 Rc1 53.
Ra7+ Kg8 54. Kg5 Rg1+ 55. Kf6 Rh1 56. Kxg6 Rg1+ 57. Kf6 Rg3 58. f4 Rxh3 59. h5
Rh4 60. Kxe6 Rxh5 61. Kf6 Kh8 62. e6 Rh1 63. Kxf5 Re1 64. Kf6 Re4 65. f5 1-0

[Event "IX Open Primavera"]
[Site "Como ITA"]
[Date "2014.03.20"]
[Round "3"]
[White "Pede, Lucio"]
[Black "Buonocore, Elio"]
[WhiteElo "1794"]
[BlackElo "2177"]
[Result "0-1"]
[PlyCount "70"]
[EventDate "2014.03.06"]

1. e4 c5 2. c3 Nf6 3. d3 Nc6 4. Nf3 e5 5. Bg5 Be7 6. Nbd2 O-O 7. Nc4 d6 8. Qd2
Rb8 9. Ne3 Be6 10. Be2 b5 11. b3 a5 12. O-O b4 13. c4 h6 14. Bh4 g6 15. Nd5 Kg7
16. Nxe7 Qxe7 17. Bg3 Nh7 18. Ne1 g5 19. Nc2 Qd7 20. f3 f5 21. Bf2 f4 22. Rad1
Rf6 23. Qc1 Rbf8 24. Qb2 Kg8 25. a3 Rg6 26. axb4 axb4 27. Ra1 g4 28. g3 gxf3
29. Bxf3 Ng5 30. Be2 Bh3 31. Ra6 f3 32. Rfa1 Bg2 33. h4 Qh3 34. Be3 fxe2 35.
Bf4 Nf3+ 0-1

[Event "IX Open Primavera"]
[Site "Como ITA"]
[Date "2014.03.20"]
[Round "3"]
[White "Puppi, Simone"]
[Black "Corti, Filippo"]
[WhiteElo "1538"]
[BlackElo "1650"]
[Result "1/2-1/2"]
[PlyCount "70"]
[EventDate "2014.03.06"]

1. e4 c6 2. Ne2 d5 3. exd5 cxd5 4. d4 Nc6 5. Ng3 Nf6 6. Nc3 e6 7. Bf4 Bb4 8. a3
Ba5 9. Bb5 Qe7 10. O-O O-O 11. Bxc6 bxc6 12. Qf3 Bc7 13. Be5 Bxe5 14. dxe5 Nd7
15. Rfe1 Bb7 16. Qg4 h6 17. h4 Kh8 18. f4 Rg8 19. Qh3 g6 20. Rf1 Qc5+ 21. Rf2
Rae8 22. Nge2 f6 23. b4 Qb6 24. exf6 Nxf6 25. Na4 Qc7 26. g4 Ne4 27. Rg2 Bc8
28. Nac3 Nxc3 29. Qxc3+ Qg7 30. Qxg7+ Rxg7 31. Re1 Rf7 32. Rf2 Ref8 33. Ref1
Ba6 34. Re1 Bc8 35. Ref1 Ba6 1/2-1/2

[Event "IX Open Primavera"]
[Site "Como ITA"]
[Date "2014.03.20"]
[Round "3"]
[White "Riva, Angelo Carlo"]
[Black "Filippini, Enea"]
[WhiteElo "1500"]
[BlackElo "1694"]
[Result "0-1"]
[PlyCount "94"]
[EventDate "2014.03.06"]

1. e4 c6 2. Nf3 d5 3. exd5 cxd5 4. d4 Nf6 5. Be3 a6 6. h3 Bf5 7. Bd3 Bxd3 8.
Qxd3 e6 9. a3 Nbd7 10. Nbd2 Be7 11. O-O O-O 12. c3 Rc8 13. Rac1 b5 14. b4 Nb6
15. Ne5 Nc4 16. Nb3 Nd7 17. Bf4 Ndxe5 18. dxe5 Qc7 19. Qg3 g6 20. Bh6 Rfe8 21.
Rfe1 Qd8 22. Qf4 Nxa3 23. Ra1 Nc2 24. Rxa6 Nxe1 25. Qd2 Qc7 26. Qxe1 Qxc3 27.
Nd2 Qc1 28. Qxc1 Rxc1+ 29. Kh2 Rcc8 30. Rb6 Rb8 31. Rc6 Rec8 32. Ra6 Bxb4 33.
Nf3 Bf8 34. Bg5 b4 35. Nd4 b3 36. Ra1 b2 37. Rb1 Ba3 38. Ne2 Rc2 39. Nd4 Rc1
40. Bxc1 bxc1=Q 41. Rxb8+ Kg7 42. Nf3 Bb2 43. g3 Qc2 44. Kg2 Ba3 45. Rb7 Bc5
46. Rc7 Qxf2+ 47. Kh1 Qxf3+ 0-1

[Event "IX Open Primavera"]
[Site "Como ITA"]
[Date "2014.03.20"]
[Round "3"]
[White "Salvade', Ettore"]
[Black "Rossi, Silio"]
[WhiteElo "1523"]
[BlackElo "1505"]
[Result "0-1"]
[PlyCount "110"]
[EventDate "2014.03.06"]

1. e4 c5 2. Nf3 Nc6 3. Nc3 e6 4. Bb5 Qa5 5. d4 Nxd4 6. Nxd4 cxd4 7. Qxd4 Qb4 8.
Qd3 Nf6 9. a3 Qd6 10. O-O a6 11. Ba4 Qxd3 12. cxd3 b5 13. Bb3 Bb7 14. e5 Ng4
15. d4 d6 16. h3 Nh6 17. Bxh6 gxh6 18. f4 dxe5 19. fxe5 Rg8 20. Rf2 Be7 21. Ne2
Bh4 22. g3 Bg5 23. Kh2 Be3 24. Rff1 Be4 25. Rad1 Bg6 26. h4 Bh5 27. Rf6 Bxe2
28. Re1 Bxd4 29. Rxe2 Rg4 30. Rf4 Bb6 31. Bc2 Rg7 32. Rf6 h5 33. Rh6 Ke7 34.
Rxh5 Rag8 35. Rg2 Rh8 36. Be4 a5 37. Bc6 b4 38. a4 Rd8 39. Be4 Rh8 40. Rd2 h6
41. b3 Rgg8 42. Rd6 Bf2 43. Rd3 Bb6 44. Bc6 Rg4 45. Rf3 Rd4 46. Kh3 Rd2 47. g4
Rc2 48. Bb5 Rc3 49. Kg3 Kf8 50. Bc4 Kg7 51. g5 hxg5 52. Rxg5+ Kf8 53. h5 Bd8
54. Rg4 Rxh5 55. Kf4 Rf5+ 0-1

[Event "IX Open Primavera"]
[Site "Como ITA"]
[Date "2014.03.20"]
[Round "3"]
[White "Zerboni, Giuseppe"]
[Black "Brambilla, Emilio"]
[WhiteElo "1596"]
[BlackElo "1482"]
[Result "1-0"]
[PlyCount "45"]
[EventDate "2014.03.06"]

1. Nf3 d6 2. d4 g6 3. Bf4 Nf6 4. c4 Bg7 5. Nc3 O-O 6. h3 h6 7. Qd2 g5 8. Bh2
Nh7 9. e4 c6 10. Bd3 Bd7 11. O-O Qc8 12. e5 Bxh3 13. gxh3 Qxh3 14. Bg3 f5 15.
exf6 Rxf6 16. Qe3 g4 17. Bxh7+ Kxh7 18. Nh4 e6 19. Ne4 Rf3 20. Nxf3 gxf3 21.
Qxf3 Nd7 22. Nxd6 Rg8 23. Qe4+ 1-0

[Event "IX Open Primavera"]
[Site "Como ITA"]
[Date "2014.03.27"]
[Round "4"]
[White "Bellotto, Stefano"]
[Black "Gonella, Daniele"]
[WhiteElo "1989"]
[BlackElo "2143"]
[Result "1/2-1/2"]
[PlyCount "67"]
[EventDate "2014.03.06"]

1. c4 Nf6 2. Nf3 g6 3. Nc3 d5 4. d4 Bg7 5. cxd5 Nxd5 6. Qb3 Nb6 7. Bg5 h6 8.
Bh4 Be6 9. Qc2 Nc6 10. e3 O-O 11. Rd1 Nd5 12. Be2 Ncb4 13. Qb1 Nxc3 14. bxc3
Nxa2 15. Qb2 c5 16. Ra1 cxd4 17. Nxd4 Bxd4 18. cxd4 Qc7 19. Rxa2 Bxa2 20. Qxa2
g5 21. Bg3 Qc3+ 22. Qd2 Qa1+ 23. Bd1 Rad8 24. Be5 f6 25. O-O Qa6 26. Bc7 Rd7
27. Qc2 e5 28. Qg6+ Rg7 29. Bb3+ Rff7 30. Bxf7+ Kf8 31. Qxh6 Kxf7 32. d5 Qd3
33. Qh5+ Kf8 34. Bd6+ 1/2-1/2

[Event "IX Open Primavera"]
[Site "Como ITA"]
[Date "2014.03.27"]
[Round "4"]
[White "Bettinelli, Sergio"]
[Black "Puppi, Simone"]
[WhiteElo "1484"]
[BlackElo "1538"]
[Result "0-1"]
[PlyCount "34"]
[EventDate "2014.03.06"]

1. c4 Nf6 2. Nc3 c6 3. e4 e5 4. Nf3 Qa5 5. d4 Nxe4 6. Qe2 d5 7. g3 Nxc3 8. Qd2
Bb4 9. Qg5 Ne4+ 10. Kd1 Nxg5 11. Nxg5 h6 12. Nf3 Bg4 13. Be2 exd4 14. Nxd4
Bxe2+ 15. Nxe2 dxc4 16. a3 Qd5+ 17. Kc2 Qd3# 0-1

[Event "IX Open Primavera"]
[Site "Como ITA"]
[Date "2014.03.27"]
[Round "4"]
[White "Buonocore, Elio"]
[Black "Moioli, Ferruccio"]
[WhiteElo "2177"]
[BlackElo "1677"]
[Result "1-0"]
[PlyCount "65"]
[EventDate "2014.03.06"]

1. e4 e5 2. Nf3 d6 3. d4 exd4 4. Nxd4 g6 5. Be3 Bg7 6. c4 Bd7 7. Nc3 Nc6 8. f3
a6 9. Be2 Nge7 10. Qd2 O-O 11. h4 f5 12. h5 f4 13. Nxc6 fxe3 14. Nxe7+ Qxe7 15.
Qxe3 Bxc3+ 16. Qxc3 Qg5 17. hxg6 Qg3+ 18. Kd2 Qxg6 19. Qe3 Qf6 20. Kc2 Rab8 21.
Rad1 Be6 22. Rh5 Rf7 23. Qg5+ Qg7 24. Rdh1 Qxg5 25. Rxg5+ Rg7 26. Rxg7+ Kxg7
27. Kc3 b5 28. b3 b4+ 29. Kd4 a5 30. c5 h6 31. Bc4 Bd7 32. cxd6 cxd6 33. Rh5
1-0

[Event "IX Open Primavera"]
[Site "Como ITA"]
[Date "2014.05.27"]
[Round "4"]
[White "Canali, Marco"]
[Black "Bassoli, Andrea D."]
[WhiteElo "1832"]
[BlackElo "1590"]
[Result "1-0"]
[PlyCount "25"]
[EventDate "2014.03.06"]

1. e4 c5 2. Nc3 e6 3. g3 a6 4. Bg2 Qc7 5. Nge2 Nc6 6. O-O b5 7. d4 cxd4 8. Nxd4
Bb7 9. Be3 Nge7 10. Ndxb5 axb5 11. Nxb5 Qb8 12. Nd6+ Kd8 13. Bb6+ 1-0

[Event "IX Open Primavera"]
[Site "Como ITA"]
[Date "2014.03.27"]
[Round "4"]
[White "Ciancio, Mario"]
[Black "Riva, Angelo Carlo"]
[WhiteElo "1563"]
[BlackElo "1500"]
[Result "1-0"]
[PlyCount "69"]
[EventDate "2014.03.06"]

1. e4 e5 2. Nf3 Nc6 3. Bc4 h6 4. c3 Nf6 5. d4 Bd6 6. d5 Na5 7. Bd3 b6 8. b4 Nb7
9. a3 a5 10. Bb2 c6 11. c4 axb4 12. Bxe5 bxa3 13. Bxd6 Nxd6 14. e5 Qe7 15. O-O
Nxc4 16. Bxc4 Nxd5 17. Bxd5 cxd5 18. Qxd5 Ra5 19. Qb3 b5 20. Rxa3 Rxa3 21. Nxa3
b4 22. Nc2 O-O 23. Qxb4 Qe6 24. Qd6 Qa2 25. Ne3 Ba6 26. Re1 Bb5 27. Nd5 Qa8 28.
Nc7 Qa5 29. Nxb5 Qxb5 30. Rd1 Rd8 31. Qc7 Qb8 32. Qxb8 Rxb8 33. g3 Ra8 34. Nd4
g6 35. Nc6 1-0

[Event "IX Open Primavera"]
[Site "Como ITA"]
[Date "2014.03.27"]
[Round "4"]
[White "Corti, Filippo"]
[Black "Salvade', Ettore"]
[WhiteElo "1650"]
[BlackElo "1523"]
[Result "1/2-1/2"]
[PlyCount "119"]
[EventDate "2014.03.06"]

1. Nf3 Nf6 2. g3 e6 3. Bg2 Bc5 4. d4 Bb6 5. c4 c5 6. O-O d5 7. cxd5 exd5 8. Nc3
O-O 9. Na4 c4 10. Nxb6 Qxb6 11. Qc2 Re8 12. e3 g6 13. a4 Nc6 14. Bd2 Bf5 15.
Qc3 a5 16. Rfd1 Nb4 17. Ne5 Ne4 18. Bxe4 Bxe4 19. f3 Bd3 20. Nxd3 Nxd3 21. Rab1
Qf6 22. Rf1 h5 23. e4 Qc6 24. b3 b5 25. axb5 Qxb5 26. bxc4 Qxc4 27. exd5 Rec8
28. Qxc4 Rxc4 29. Be3 Nb4 30. Rfc1 Rxc1+ 31. Rxc1 Nxd5 32. Kf2 a4 33. Ra1 Kf8
34. Bd2 Ke7 35. Ke2 Kd6 36. Kd3 Nb6 37. Bb4+ Kc6 38. Rc1+ Kd7 39. Bc5 Rc8 40.
Re1 Nd5 41. Re5 Kc6 42. Kc4 Rd8 43. Re2 Ra8 44. Re5 Rd8 45. Re2 Rb8 46. Ra2
Ne3+ 47. Kd3 Rb3+ 48. Ke4 Kb5 49. Re2 Nc4 50. Kd5 Rxf3 51. Re7 Rf5+ 52. Ke4 Ka6
53. Ra7+ Kb5 54. Rb7+ Kc6 55. Ra7 Nd6+ 56. Bxd6 Kxd6 57. Rxa4 Rf2 58. Ra6+ Ke7
59. h4 Rc2 60. Ra7+ 1/2-1/2

[Event "IX Open Primavera"]
[Site "Como ITA"]
[Date "2014.03.27"]
[Round "4"]
[White "Filippini, Enea"]
[Black "Pede, Lucio"]
[WhiteElo "1694"]
[BlackElo "1794"]
[Result "1/2-1/2"]
[PlyCount "75"]
[EventDate "2014.03.06"]

1. e4 e5 2. Nf3 Nc6 3. Bc4 Bc5 4. c3 d6 5. h3 Be6 6. Bb5 Bd7 7. O-O Nf6 8. d3
a6 9. Ba4 O-O 10. Re1 Ne7 11. Bxd7 Nxd7 12. Be3 Bxe3 13. Rxe3 b5 14. Nbd2 f5
15. Qb3+ Kh8 16. Ng5 Qe8 17. Ne6 Nc5 18. Nxc5 dxc5 19. exf5 Nxf5 20. Re4 Nd6
21. Re2 Qg6 22. Ne4 c4 23. Qc2 cxd3 24. Qxd3 Nxe4 25. Qxe4 Qxe4 26. Rxe4 Rad8
27. Rae1 Rd2 28. R1e2 Rxe2 29. Rxe2 Rf5 30. g4 Rf6 31. Rxe5 h6 32. Rc5 c6 33.
Re5 Kh7 34. Kg2 Rd6 35. Re2 c5 36. f4 c4 37. f5 Rd3 38. Rf2 1/2-1/2

[Event "IX Open Primavera"]
[Site "Como ITA"]
[Date "2014.03.27"]
[Round "4"]
[White "Gonella, Graziano"]
[Black "Zerboni, Giuseppe"]
[WhiteElo "1163"]
[BlackElo "1596"]
[Result "0-1"]
[PlyCount "96"]
[EventDate "2014.03.06"]

1. e4 c5 2. Nf3 d6 3. d4 cxd4 4. Nxd4 Nf6 5. Nc3 a6 6. Bc4 e6 7. O-O Be7 8. f4
Bd7 9. e5 dxe5 10. fxe5 Ng8 11. Qf3 f6 12. Bxe6 Qb6 13. Bxd7+ Nxd7 14. exf6
Qxd4+ 15. Be3 Ne5 16. Bxd4 Nxf3+ 17. Rxf3 Nxf6 18. Re1 Kf7 19. h3 Rad8 20. Bb6
Rd2 21. Ne4 Rxc2 22. Nxf6 gxf6 23. Bd4 Rd8 24. Bc3 Bc5+ 25. Kf1 Rd6 26. b4 Bb6
27. a4 Bd8 28. b5 Ra2 29. Bb4 Rd4 30. Bc3 Rdxa4 31. Rxf6+ Bxf6 32. Bxf6 Kxf6
33. bxa6 bxa6 34. Re3 Rf4+ 35. Kg1 a5 36. Kh2 a4 37. Rc3 a3 38. Kg3 Rd4 39.
Rf3+ Ke6 40. h4 Ra4 41. Re3+ Kf5 42. Kh3 Rf2 43. g4+ Kf4 44. Rg3 a2 45. g5 Rf3
46. Rxf3+ Kxf3 47. h5 a1=Q 48. g6 Qh1# 0-1

[Event "IX Open Primavera"]
[Site "Como ITA"]
[Date "2014.05.27"]
[Round "4"]
[White "Nastasi, Ivano"]
[Black "Manino, Edoardo"]
[WhiteElo "1725"]
[BlackElo "1926"]
[Result "0-1"]
[PlyCount "62"]
[EventDate "2014.03.06"]

1. d4 d5 2. c4 e6 3. Nc3 Be7 4. e4 dxe4 5. Nxe4 Nf6 6. Nxf6+ Bxf6 7. Be3 O-O 8.
Nf3 c5 9. Qd2 Nc6 10. d5 exd5 11. cxd5 Nd4 12. Bxd4 cxd4 13. Bc4 b5 14. Bb3
Re8+ 15. Kf1 a5 16. Nxd4 a4 17. Bc2 Qxd5 18. Rd1 Bb7 19. Rg1 Rad8 20. Qd3 Bxd4
21. Qxh7+ Kf8 22. Qh8+ Ke7 23. Qh4+ g5 24. Re1+ Kf8 25. Qg4 Rxe1+ 26. Kxe1 Re8+
27. Kd2 Bxf2+ 28. Kc1 Bxg1 29. Qb4+ Bc5 30. Qc3 Qe5 31. Qh3 Qe1+ 0-1

[Event "IX Open Primavera"]
[Site "Como ITA"]
[Date "2014.03.27"]
[Round "4"]
[White "Primerano, Carlo"]
[Black "Brambilla, Emilio"]
[WhiteElo "1731"]
[BlackElo "1482"]
[Result "1-0"]
[PlyCount "61"]
[EventDate "2014.03.06"]

1. d4 d6 2. c4 g6 3. Nc3 Bg7 4. e4 Nf6 5. f3 O-O 6. Be3 h5 7. Qd2 c6 8. Bd3 a6
9. Nge2 Bd7 10. O-O b5 11. e5 dxe5 12. dxe5 Nh7 13. f4 b4 14. Na4 a5 15. Nb6
Ra6 16. c5 Ra7 17. Rad1 Bf5 18. Bxf5 Qxd2 19. Rxd2 gxf5 20. Rfd1 Na6 21. Nd4
Nxc5 22. Nxc6 Ne4 23. Nxa7 Nxd2 24. Rxd2 e6 25. Nc6 Re8 26. Nxa5 f6 27. Nc6
fxe5 28. fxe5 Nf8 29. Nc4 Rc8 30. Ne7+ Kf7 31. Nxc8 1-0

[Event "IX Open Primavera"]
[Site "Como ITA"]
[Date "2014.03.27"]
[Round "4"]
[White "Rossi, Silio"]
[Black "Giaracuni, Claudio"]
[WhiteElo "1505"]
[BlackElo "1778"]
[Result "0-1"]
[PlyCount "52"]
[EventDate "2014.03.06"]

1. b4 g6 2. Bb2 f6 3. Nf3 e5 4. b5 d5 5. e3 Bg7 6. Be2 Ne7 7. d4 e4 8. Nfd2 Be6
9. Nb3 b6 10. O-O O-O 11. a4 c6 12. bxc6 Nbxc6 13. c3 f5 14. g3 g5 15. Bc1 Ng6
16. f4 exf3 17. Bxf3 f4 18. exf4 gxf4 19. Bg4 Bxg4 20. Qxg4 fxg3 21. Qe6+ Kh8
22. Rxf8+ Qxf8 23. hxg3 Re8 24. Qxc6 Re1+ 25. Kg2 Qf1+ 26. Kh2 Qh1# 0-1

[Event "IX Open Primavera"]
[Site "Como ITA"]
[Date "2014.04.03"]
[Round "5"]
[White "Bassoli, Andrea D."]
[Black "Lipari, Alberto"]
[WhiteElo "1590"]
[BlackElo "1525"]
[Result "1-0"]
[PlyCount "127"]
[EventDate "2014.03.06"]

1. e4 g6 2. d4 Bg7 3. Nf3 d6 4. Be2 Bg4 5. Be3 Bxf3 6. Bxf3 Nc6 7. c3 e6 8. O-O
Nge7 9. Qc2 f5 10. Nd2 O-O 11. exf5 exf5 12. g3 Qd7 13. Rfe1 Rae8 14. Re2 b5
15. Rae1 a5 16. Bg2 b4 17. Nf3 Nd5 18. Qb3 Kh8 19. Qxd5 bxc3 20. bxc3 a4 21.
Ng5 Nd8 22. Bf4 Rxe2 23. Rxe2 h6 24. Nf3 g5 25. Be5 Bxe5 26. Nxe5 Qe8 27. Nf7+
Qxf7 28. Qxf7 Nxf7 29. Re7 c5 30. dxc5 dxc5 31. Bd5 Nd6 32. Ra7 Nb5 33. Ra5 Rb8
34. c4 Nc3 35. Bc6 f4 36. Rxc5 Nxa2 37. Bxa4 f3 38. Bc2 Nc3 39. Bf5 Ne2+ 40.
Kf1 Nd4 41. Rc8+ Rxc8 42. Bxc8 Nb3 43. Ke1 h5 44. Kd1 Kg7 45. Kc2 Nc5 46. g4 h4
47. Bf5 Kf6 48. Kc3 Ke5 49. Kb4 Kd4 50. Bc2 Nb7 51. Bd1 Ke4 52. c5 Kf4 53. h3
Ke4 54. c6 Nd6 55. Kc5 Ne8 56. Bb3 Kd3 57. Bf7 Nc7 58. Kb6 Ke2 59. Kxc7 Kxf2
60. Bd5 Kg3 61. Bxf3 Kxh3 62. Kd6 Kg3 63. Bd5 h3 64. c7 1-0

[Event "IX Open Primavera"]
[Site "Como ITA"]
[Date "2014.04.03"]
[Round "5"]
[White "Brambilla, Emilio"]
[Black "Rossi, Silio"]
[WhiteElo "1482"]
[BlackElo "1505"]
[Result "1-0"]
[PlyCount "121"]
[EventDate "2014.03.06"]

1. Nf3 Nc6 2. g3 d5 3. Bg2 Nf6 4. O-O e6 5. d3 Bd6 6. Nbd2 O-O 7. e4 dxe4 8.
dxe4 Be7 9. h4 e5 10. c3 Bg4 11. Re1 Qc8 12. Qb3 Be6 13. Qc2 Nd7 14. Nh2 f6 15.
Ndf3 Nb6 16. b3 Nd8 17. Be3 Nf7 18. Rad1 Rd8 19. Nd2 Nd6 20. f3 Bh3 21. g4 Bxg2
22. Kxg2 Nf7 23. Ndf1 Rd7 24. Ng3 g6 25. h5 g5 26. Nf5 Bf8 27. c4 Qe8 28. c5
Nc8 29. Nf1 c6 30. Nd2 Ne7 31. Qc4 Nxf5 32. exf5 Rad8 33. Ne4 Kg7 34. Rxd7 Rxd7
35. Qe6 Qd8 36. Nxf6 Re7 37. h6+ Kh8 38. Qc4 Bxh6 39. Ne4 Rd7 40. Re2 Rd5 41.
Nc3 Rd7 42. Kg3 Bg7 43. Ne4 Rd5 44. Qc1 Rd1 45. Qc2 Rd5 46. Rh2 h6 47. Nc3 Rd3
48. Re2 Rd7 49. Rd2 Rxd2 50. Bxd2 Qd4 51. Ne2 Qd5 52. Nc3 Qd7 53. Ne4 Qd5 54.
b4 Qd4 55. f6 Qg1+ 56. Kh3 Qh1+ 57. Kg3 Qh4+ 58. Kg2 Bf8 59. Ng3 Kg8 60. Qg6+
Kh8 61. Qxf7 1-0

[Event "IX Open Primavera"]
[Site "Como ITA"]
[Date "2014.04.03"]
[Round "5"]
[White "Corti, Filippo"]
[Black "Bettinelli, Sergio"]
[WhiteElo "1650"]
[BlackElo "1484"]
[Result "1-0"]
[PlyCount "129"]
[EventDate "2014.03.06"]

1. Nf3 c5 2. g3 d6 3. Bg2 g6 4. d4 Nd7 5. dxc5 Nxc5 6. O-O Bg7 7. c3 Nf6 8.
Nbd2 O-O 9. Re1 Bd7 10. Nb3 Ba4 11. Be3 Nfe4 12. Bxc5 Nxc5 13. Nfd4 e5 14. Nf3
Qb6 15. Nfd2 Rad8 16. Bd5 Nd7 17. Ne4 Nf6 18. Nxf6+ Bxf6 19. Qd2 Rfe8 20. e4
Kg7 21. Qe3 h6 22. Qxb6 axb6 23. Bxb7 h5 24. Bd5 Bd7 25. Kg2 h4 26. Nd2 Rh8 27.
Nf1 Rh6 28. Re3 Rdh8 29. Rd1 hxg3 30. Rxg3 Bh4 31. Rf3 Bf6 32. Rdd3 Bg4 33. Rg3
Be2 34. Rd2 Bxf1+ 35. Kxf1 Rxh2 36. Ke2 Bh4 37. Rf3 Bf6 38. Bb3 R2h4 39. Rxd6
Rxe4+ 40. Kd3 Rf4 41. Rxf4 exf4 42. Rxb6 Rd8+ 43. Ke2 Re8+ 44. Kf3 g5 45. Rb7
Be7 46. Ba4 Rh8 47. Rxe7 Rh3+ 48. Kg4 Rh2 49. Bb3 Rxf2 50. Rxf7+ Kg6 51. Rb7
Rg2+ 52. Kf3 Rg3+ 53. Kf2 g4 54. Rb6+ Kg5 55. Rb4 Rf3+ 56. Ke2 Re3+ 57. Kd2 g3
58. Rb5+ Kg4 59. Bd1+ Rf3 60. Bxf3+ Kxf3 61. Rg5 g2 62. Ke1 Ke3 63. Rxg2 f3 64.
Rf2 Kf4 65. Rxf3+ 1-0

[Event "IX Open Primavera"]
[Site "Como ITA"]
[Date "2014.04.03"]
[Round "5"]
[White "Filippini, Enea"]
[Black "Canali, Marco"]
[WhiteElo "1694"]
[BlackElo "1832"]
[Result "1/2-1/2"]
[PlyCount "83"]
[EventDate "2014.03.06"]

1. e4 c5 2. Nc3 Nc6 3. g3 g6 4. Bg2 Bg7 5. f4 e6 6. Nf3 Nge7 7. O-O d6 8. d3
O-O 9. Be3 a6 10. Rb1 f5 11. a3 Rb8 12. Nh4 Nd4 13. Ne2 e5 14. c3 Nxe2+ 15.
Qxe2 fxe4 16. Bxe4 Bh3 17. Bg2 Bxg2 18. Qxg2 Qd7 19. fxe5 Bxe5 20. Nf3 Bg7 21.
Rbd1 Nf5 22. Bf2 Rfe8 23. Rfe1 Qb5 24. g4 Nh6 25. Be3 Nf7 26. d4 Re7 27. dxc5
dxc5 28. Bf4 Rbe8 29. Qd2 Qc6 30. Kf2 h6 31. Rxe7 Rxe7 32. Qd5 Qb5 33. Qd2 g5
34. Bg3 Re8 35. Re1 Rd8 36. Qe2 Qd7 37. Qe7 Bf8 38. Qxd7 Rxd7 39. Ne5 Nxe5 40.
Bxe5 Rd2+ 41. Re2 Rxe2+ 42. Kxe2 1/2-1/2